Online
Catalog

La revista médica y de ciencias relacionadas. (Record no. 30900)

MARC details
000 -CABECERA
campo de control de longitud fija 00604nas a2200205 a 4500
001 - NÚMERO DE CONTROL
campo de control 000031408
003 - IDENTIFICADOR DEL NÚMERO DE CONTROL
campo de control DLC
005 - FECHA Y HORA DE LA ÚLTIMA TRANSACCIÓN
campo de control 20251105144148.0
008 - DATOS DE LONGITUD FIJA--INFORMACIÓN GENERAL
campo de control de longitud fija 110621c19059999dr r1 0 0eng d
040 ## - FUENTE DE LA CATALOGACIÓN
Centro catalogador/agencia de origen DO-SdBNP
Lengua de catalogación spa
Centro/agencia transcriptor BNPHU
Normas de descripción rda
043 ## - CÓDIGO DE ÁREA GEOGRÁFICA
Código de área geográfica nwrd
245 10 - MENCIÓN DE TÍTULO
Título La revista médica y de ciencias relacionadas.
260 ## - PUBLICACIÓN, DISTRIBUCIÓN, ETC.
Lugar de publicación, distribución, etc. Santo Domingo,
Fecha de publicación, distribución, etc. 1905.
310 ## - PERIODICIDAD ACTUAL
Periodicidad actual Quincenal
362 0# - FECHAS DE PUBLICACIÓN Y/O DESIGNACIÓN SECUENCIAL
Fecha de publicación y/o designación secuencial 2 época:no.2(15 de agosto 1905)
500 ## - NOTA GENERAL
Nota general Director: F.A. Defilló
500 ## - NOTA GENERAL
Nota general Fundada en 1902
650 #0 - PUNTO DE ACCESO ADICIONAL DE MATERIA--TÉRMINO DE MATERIA
Término de materia o nombre geográfico como elemento de entrada Ciencias médicas
Subdivisión de forma Publicaciones periódicas
Subdivisión geográfica República Dominicana
9 (RLIN) 57827
942 ## - ELEMENTOS DE PUNTO DE ACCESO ADICIONAL (KOHA)
Fuente del sistema de clasificación o colocación Dewey Decimal Classification
Tipo de ítem Koha Publicación periódica
Holdings
Estado de retiro Estado de pérdida Especificación de materiales (volumen encuadernado u otra parte) No para préstamo Código de colección Localización permanente Ubicación/localización actual Ubicación en estantería Fecha de adquisición Enumeración/cronología de publicación seriada Número de inventario Total de préstamos Signatura topográfica completa Código de barras Fecha visto por última vez Precio válido a partir de Tipo de ítem Koha Nota pública
    No se presta Excluido de préstamo Hemeroteca Patrimonio Dominicano Patrimonio Dominicano Ordenador y recibido 21.06.2011 2 época. año. 2:no.7(1906:Jan.:15) 190601151906012020110621   5627 31408-1-1 08.08.2020 08.08.2020 Publicación periódica Perteneció a la biblioteca personal de Carlos Larrazabal Blanco
    No se presta Excluido de préstamo Hemeroteca Patrimonio Dominicano Patrimonio Dominicano Ordenador y recibido 21.06.2011 2 época.no.2 (1905:Aug.:15) 190508151905082020110621   5627 31408-2-1 08.08.2020 08.08.2020 Publicación periódica Perteneció a la biblioteca personal de Carlos Larrazabal Blanco
    No se presta Excluido de préstamo Hemeroteca Patrimonio Dominicano Patrimonio Dominicano Ordenador y recibido 21.06.2011 2 época.no.3 (1905:Sept.:15) 190509151905092020110621   5627 31408-3-1 08.08.2020 08.08.2020 Publicación periódica Perteneció a la biblioteca personal de Carlos Larrazabal Blanco
    No se presta Excluido de préstamo Hemeroteca Patrimonio Dominicano Patrimonio Dominicano Ordenador y recibido 21.06.2011 2 época.no.5 (1905:Nov.:15) 190511151905112020110621   5627 31408-5-1 08.08.2020 08.08.2020 Publicación periódica Perteneció a la biblioteca personal de Carlos Larrazabal Blanco

Powered by Koha